[Event "Klatovy op-A 23rd"]
[Site "Klatovy"]
[Date "2017.07.05"]
[Round "5"]
[White "Cekan, Petr"]
[Black "Lhotsky, Zdenek"]
[Result "1-0"]
[WhiteElo "1965"]
[BlackElo "1695"]
[PlyCount "85"]
[EventDate "2017.07.01"]
[EventType "swiss"]
[EventRounds "9"]
[EventCountry "CZE"]
[SourceTitle "EXT 2018"]
[Source "ChessBase"]
[SourceDate "2017.10.13"]
[SourceVersion "1"]
[SourceVersionDate "2017.10.13"]
[SourceQuality "1"]

1. e4 c5 2. Nc3 Nc6 3. f4 e6 4. Nf3 g6 5. Bb5 Nge7 6. d3 Bg7 7. 0-0 0-0 8. e5 d6 9. exd6 Qxd6 10. Ne4 Qc7 11. Qe1 Nd4 12. Nxd4 Bxd4+ 13. Be3 Nf5 14. Bxd4 Nxd4 15. Ba4 b5 16. Bb3 f5 17. Ng3 Re8 18. Ne2 Nxb3 19. axb3 Bb7 20. Qg3 e5 21. fxe5 Qxe5 22. Rae1 Qe3+ 23. Qxe3 Rxe3 24. Nc3 Rxe1 25. Rxe1 a6 26. Re7 Rb8 27. Rc7 c4 28. bxc4 bxc4 29. Rxc4 Bc8 30. Rc6 Bd7 31. Rxa6 Rxb2 32. Ra2 Rb7 33. Ne2 Be6 34. Ra1 Rb2 35. Nd4 Bd5 36. Ra5 Ba2 37. Rb5 Rxb5 38. Nxb5 Bb1 39. Na3 Ba2 40. c4 Kf7 41. Kf2 Ke6 42. Ke3 Kd6 43. Kd4 1-0

[Event "Klatovy op-A 23rd"]
[Site "Klatovy"]
[Date "2017.07.03"]
[Round "3"]
[White "Zahorbensky, Jaroslav"]
[Black "Lhotsky, Zdenek"]
[Result "1/2-1/2"]
[WhiteElo "2050"]
[BlackElo "1695"]
[PlyCount "62"]
[EventDate "2017.07.01"]
[EventType "swiss"]
[EventRounds "9"]
[EventCountry "CZE"]
[SourceTitle "EXT 2018"]
[Source "ChessBase"]
[SourceDate "2017.10.13"]
[SourceVersion "1"]
[SourceVersionDate "2017.10.13"]
[SourceQuality "1"]

1. e4 c5 2. Nf3 d6 3. c3 Nf6 4. Be2 Nc6 5. d3 g6 6. Bg5 Bg7 7. Qd2 0-0 8. Na3 Qc7 9. Nc2 Rd8 10. Qf4 Qb6 11. 0-0-0 Be6 12. a3 Ng4 13. Nd2 Nge5 14. Qg3 h6 15. Bf4 Rac8 16. h4 h5 17. Nf3 Nxf3 18. Bxf3 Kh7 19. Be2 Na5 20. e5 Ba2 21. Na1 Nb3+ 22. Nxb3 Bxb3 23. Rd2 dxe5 24. Bxe5 f6 25. Bf4 e5 26. Be3 f5 27. f4 exf4 28. Bxf4 Ba2 29. Be5 Bh6 30. Bf4 Bg7 31. Be5 Bh6 1/2-1/2

[Event "Klatovy op-A 23rd"]
[Site "Klatovy"]
[Date "2017.07.02"]
[Round "2"]
[White "Lhotsky, Zdenek"]
[Black "Vorisek, Jaroslav"]
[Result "0-1"]
[WhiteElo "1695"]
[BlackElo "2185"]
[PlyCount "74"]
[EventDate "2017.07.01"]
[EventType "swiss"]
[EventRounds "9"]
[EventCountry "CZE"]
[SourceTitle "EXT 2018"]
[Source "ChessBase"]
[SourceDate "2017.10.13"]
[SourceVersion "1"]
[SourceVersionDate "2017.10.13"]
[SourceQuality "1"]

1. e4 e5 2. Nf3 Nc6 3. Bb5 Nge7 4. 0-0 a6 5. Ba4 Ng6 6. c3 Be7 7. d4 b5 8. Bb3 d6 9. h3 Na5 10. Bc2 c5 11. Be3 Qc7 12. d5 Nc4 13. Bc1 0-0 14. Nbd2 Nb6 15. Kh2 Nf4 16. g4 h5 17. Rg1 hxg4 18. hxg4 g6 19. Nf1 Kg7 20. Bxf4 exf4 21. Rg2 Bf6 22. Qd2 Be5 23. Nxe5 dxe5 24. Qe2 Rh8+ 25. Kg1 Rh4 26. Nd2 Bd7 27. f3 Rah8 28. Kf2 c4 29. Rf1 Nc8 30. Ke1 Nd6 31. Rff2 Qc5 32. Rh2 b4 33. Rxh4 Rxh4 34. Nb1 Rh3 35. a3 bxa3 36. Nxa3 Bxg4 37. Qf1 Qe3+ 0-1

[Event "CZE-chT U18 Extraliga final-A 1617"]
[Site "Czech Republic"]
[Date "2017.04.22"]
[Round "10.5"]
[White "Lhotsky, Zdenek"]
[Black "Kovarik, Matyas"]
[Result "1/2-1/2"]
[WhiteElo "1819"]
[BlackElo "1848"]
[PlyCount "134"]
[EventDate "2016.10.01"]
[EventType "team-tourn"]
[EventRounds "11"]
[EventCountry "CZE"]
[SourceTitle "EXT 2022"]
[Source "ChessBase"]
[SourceDate "2021.10.06"]
[SourceVersion "1"]
[SourceVersionDate "2021.10.06"]
[SourceQuality "1"]
[WhiteTeam "Praha Oaza U18"]
[BlackTeam "Stare Mesto U18"]
[WhiteTeamCountry "CZE"]
[BlackTeamCountry "CZE"]

1. e4 e6 2. d4 d5 3. Nc3 Bb4 4. e5 c5 5. a3 Ba5 6. b4 cxd4 7. Nb5 Bc7 8. f4 Ne7 9. Nxd4 Bd7 10. Ngf3 Nbc6 11. Bd3 Nxd4 12. Nxd4 Bb6 13. Be3 Ba4 14. Qd2 Qd7 15. 0-0 Bxd4 16. Bxd4 Bb5 17. Bxb5 Qxb5 18. a4 Qd7 19. a5 0-0 20. Bc5 Rfc8 21. Qf2 a6 22. Rfd1 Qe8 23. Rac1 Rd8 24. Rd3 Ng6 25. Rcd1 Nf8 26. Rh3 f5 27. exf6 gxf6 28. Qh4 Qf7 29. Bd4 Nd7 30. Re3 Re8 31. Rde1 e5 32. fxe5 fxe5 33. Bxe5 Nxe5 34. Rxe5 Rxe5 35. Rxe5 Re8 36. Rxe8+ Qxe8 37. Qg4+ Kf8 38. Qf5+ Kg7 39. Kf2 Qc6 40. Qe5+ Kg6 41. c3 b6 42. Qg3+ Kf7 43. Qf4+ Kg6 44. Qg3+ Kf7 45. Qd3 bxa5 46. Qxh7+ Ke8 47. Qh8+ Kf7 48. Qh5+ Kg7 49. Qg5+ Kf7 50. Qf4+ Kg6 51. Qg3+ Kf7 52. Qf3+ Kg8 53. Qg3+ Kf7 54. Qf4+ Kg6 55. bxa5 Qc5+ 56. Qd4 Qxa5 57. Qb4 Qa2+ 58. Kf3 a5 59. Qd6+ Kg7 60. g4 Qd2 61. Qc7+ Kg8 62. Qxa5 Qd3+ 63. Kf4 Qe4+ 64. Kg3 Qe3+ 65. Kh4 Qe1+ 66. Kh5 Qe8+ 67. Kh6 Qe6+ 1/2-1/2

[Event "CZE-chT U18 Extraliga West 1617"]
[Site "Czech Republic"]
[Date "2016.10.01"]
[Round "1.5"]
[White "Lhotsky, Zdenek"]
[Black "Pravda, Krystof"]
[Result "1-0"]
[WhiteElo "1819"]
[BlackElo "1801"]
[PlyCount "57"]
[EventDate "2016.10.01"]
[EventType "team-tourn"]
[EventRounds "11"]
[EventCountry "CZE"]
[SourceTitle "EXT 2022"]
[Source "ChessBase"]
[SourceDate "2021.10.06"]
[SourceVersion "1"]
[SourceVersionDate "2021.10.06"]
[SourceQuality "1"]
[WhiteTeam "Praha Oaza U18"]
[BlackTeam "Praha Kobylisy U18"]
[WhiteTeamCountry "CZE"]
[BlackTeamCountry "CZE"]

1. e4 e5 2. Nf3 Nc6 3. Bb5 a6 4. Ba4 Nf6 5. Qe2 d6 6. c3 Be7 7. 0-0 0-0 8. Rd1 Bg4 9. d3 b5 10. Bb3 Na5 11. Bc2 c5 12. Nbd2 Re8 13. h3 Bh5 14. Nf1 Bg6 15. g4 h5 16. g5 Nh7 17. h4 Qd7 18. Kh2 f5 19. exf5 Qxf5 20. Ng3 Qg4 21. Rg1 Rf8 22. Bd1 Be8 23. Qe3 Bd7 24. Rg2 Nc6 25. Bd2 Rf4 26. Kg1 Qe6 27. Nxh5 Rff8 28. g6 Nf6 29. Ne1 1-0

[Event "CZE-chT U18 Extraliga West 1617"]
[Site "Czech Republic"]
[Date "2016.10.01"]
[Round "2.5"]
[White "Soukup, Jiri1111"]
[Black "Lhotsky, Zdenek"]
[Result "1-0"]
[WhiteElo "1691"]
[BlackElo "1819"]
[PlyCount "73"]
[EventDate "2016.10.01"]
[EventType "team-tourn"]
[EventRounds "11"]
[EventCountry "CZE"]
[SourceTitle "EXT 2022"]
[Source "ChessBase"]
[SourceDate "2021.10.06"]
[SourceVersion "1"]
[SourceVersionDate "2021.10.06"]
[SourceQuality "1"]
[WhiteTeam "Bustehrad U18"]
[BlackTeam "Praha Oaza U18"]
[WhiteTeamCountry "CZE"]
[BlackTeamCountry "CZE"]

1. e4 c5 2. Nf3 d6 3. d4 cxd4 4. Nxd4 Nf6 5. Nc3 a6 6. Be3 e5 7. Nb3 Be6 8. Be2 Be7 9. 0-0 0-0 10. Kh1 Nbd7 11. f4 exf4 12. Bxf4 Ne5 13. Nd4 Qd7 14. Qd2 Rac8 15. Rad1 Rfd8 16. Qe3 Nc4 17. Bxc4 Rxc4 18. e5 Ng4 19. Qg3 Nxe5 20. Bxe5 dxe5 21. Nf5 Bxf5 22. Rxd7 Rxd7 23. Qxe5 Be6 24. Qb8+ Bf8 25. h3 Rcd4 26. Re1 Rd2 27. Qe8 R2d4 28. Qc8 Rb4 29. Rxe6 fxe6 30. Qxd7 Rb6 31. b3 Rc6 32. Ne4 h6 33. c4 Rb6 34. Qc7 Rb4 35. Nc5 a5 36. Nxe6 a4 37. Nxf8 1-0

[Event "Ricany op"]
[Site "Ricany"]
[Date "2016.09.03"]
[Round "9"]
[White "Postupa, Pavel"]
[Black "Lhotsky, Zdenek"]
[Result "1-0"]
[WhiteElo "1982"]
[BlackElo "1853"]
[PlyCount "95"]
[EventDate "2016.08.27"]
[EventType "swiss"]
[EventRounds "9"]
[EventCountry "CZE"]
[SourceTitle "CBM 174 Extra"]
[Source "ChessBase"]
[SourceDate "2016.10.10"]
[SourceVersion "1"]
[SourceVersionDate "2016.10.10"]
[SourceQuality "1"]

1. e4 c5 2. f4 e6 3. Nf3 d5 4. exd5 exd5 5. Bb5+ Bd7 6. Qe2+ Be7 7. Nc3 Nf6 8. Ne5 0-0 9. Nxd7 Nbxd7 10. Qf3 a6 11. Be2 d4 12. Nd5 Re8 13. 0-0 Bd6 14. Bd3 b5 15. Bf5 Nxd5 16. Bxd7 Qxd7 17. Qxd5 Qc7 18. d3 Rad8 19. Qf3 Re6 20. Bd2 c4 21. Rae1 Rxe1 22. Rxe1 c3 23. bxc3 dxc3 24. Be3 Re8 25. Re2 h6 26. Kf2 a5 27. g3 b4 28. Qd5 a4 29. Qb5 Ra8 30. Bd4 Ra5 31. Re8+ Kh7 32. Qb6 Qxb6 33. Bxb6 Bc5+ 34. Bxc5 Rxc5 35. Rb8 b3 36. axb3 a3 37. Ra8 Rh5 38. Kg2 g5 39. fxg5 Rxg5 40. Rxa3 Re5 41. Kf3 Rf5+ 42. Ke3 Rf1 43. Kd4 Rf2 44. Kxc3 Rxh2 45. b4 Rg2 46. b5 Rxg3 47. b6 Rg6 48. b7 1-0

[Event "Ricany op"]
[Site "Ricany"]
[Date "2016.09.02"]
[Round "8"]
[White "Lhotsky, Zdenek"]
[Black "Vavrinec, Tomas"]
[Result "1/2-1/2"]
[WhiteElo "1853"]
[BlackElo "1994"]
[PlyCount "58"]
[EventDate "2016.08.27"]
[EventType "swiss"]
[EventRounds "9"]
[EventCountry "CZE"]
[SourceTitle "CBM 174 Extra"]
[Source "ChessBase"]
[SourceDate "2016.10.10"]
[SourceVersion "1"]
[SourceVersionDate "2016.10.10"]
[SourceQuality "1"]

1. e4 e6 2. d4 d5 3. Nc3 Bb4 4. e5 c5 5. a3 cxd4 6. axb4 dxc3 7. Qg4 Kf8 8. Nf3 Qc7 9. Bd3 Nd7 10. 0-0 Nxe5 11. Nxe5 Qxe5 12. b5 Qc7 13. bxc3 Nf6 14. Ba3+ Kg8 15. Qb4 Qd8 16. Rfe1 b6 17. Rad1 Bb7 18. c4 Qc8 19. cxd5 Nxd5 20. Qg4 Qc3 21. Bd6 h5 22. Qg3 h4 23. Qg4 Nf6 24. Qf4 Nd5 25. Qf3 Qf6 26. Qg4 Qh6 27. Qf3 Qf6 28. Qg4 Qh6 29. Qf3 Qf6 1/2-1/2

[Event "Ricany op"]
[Site "Ricany"]
[Date "2016.09.01"]
[Round "7"]
[White "Otrubova, Kristyna"]
[Black "Lhotsky, Zdenek"]
[Result "0-1"]
[WhiteElo "1564"]
[BlackElo "1853"]
[PlyCount "68"]
[EventDate "2016.08.27"]
[EventType "swiss"]
[EventRounds "9"]
[EventCountry "CZE"]
[SourceTitle "CBM 174 Extra"]
[Source "ChessBase"]
[SourceDate "2016.10.10"]
[SourceVersion "1"]
[SourceVersionDate "2016.10.10"]
[SourceQuality "1"]

1. d4 Nf6 2. c4 e6 3. Nc3 Bb4 4. Qc2 0-0 5. Bg5 b6 6. a3 Bxc3+ 7. Qxc3 Bb7 8. e3 d6 9. Bd3 c5 10. Nf3 Nbd7 11. 0-0 Rc8 12. Qc2 h6 13. Bf4 Qe7 14. dxc5 Nxc5 15. Rfd1 e5 16. Bf5 exf4 17. Bxc8 Rxc8 18. Nd4 fxe3 19. Nf5 exf2+ 20. Qxf2 Qe6 21. Nxd6 Nce4 22. Nxe4 Qxe4 23. b3 Ng4 24. Qg3 Re8 25. h3 Nf6 26. Rf1 Qd4+ 27. Kh2 Kh7 28. Rad1 Qb2 29. Rf2 Qxa3 30. Qd3+ Be4 31. Qc3 Bg6 32. Qf3 Qc5 33. Rfd2 h5 34. Rd6 Re3 0-1

[Event "Ricany op"]
[Site "Ricany"]
[Date "2016.08.27"]
[Round "1"]
[White "Lhotsky, Zdenek"]
[Black "Vojta, Tomas"]
[Result "0-1"]
[WhiteElo "1853"]
[BlackElo "2384"]
[PlyCount "48"]
[EventDate "2016.08.27"]
[EventType "swiss"]
[EventRounds "9"]
[EventCountry "CZE"]
[SourceTitle "CBM 174 Extra"]
[Source "ChessBase"]
[SourceDate "2016.10.10"]
[SourceVersion "1"]
[SourceVersionDate "2016.10.10"]
[SourceQuality "1"]

1. e4 d5 2. exd5 Nf6 3. d4 Bg4 4. f3 Bf5 5. c4 e6 6. dxe6 Nc6 7. Be3 fxe6 8. a3 Bd6 9. Bd3 0-0 10. Ne2 Qe8 11. Nbc3 Rd8 12. b4 Bxd3 13. Qxd3 e5 14. d5 e4 15. Nxe4 Ne5 16. Qc2 Nxe4 17. Qxe4 Nxc4 18. Bg5 Qxe4 19. fxe4 Rde8 20. Nc3 Be5 21. Rc1 Bxc3+ 22. Rxc3 Rxe4+ 23. Kd1 Rf5 24. Bd8 Rxd5+ 0-1